[Event "Pere Noel"]
[Site "Montreal CAN"]
[Date "1986.12.28"]
[Round "3"]
[White "Duong, Thanh Nha"]
[Black "Zalys, Ignas"]
[Result "1-0"]
[WhiteElo "1820"]
[BlackElo "1980"]
[PlyCount "51"]
[EventDate "1986.12.26"]
[EventType "swiss"]
[EventRounds "5"]
[EventCountry "CAN"]

1. e4 c5 2. Nf3 a6 3. c3 e6 4. d4 d5 5. e5 Nc6 6. Be2 Qb6 7. O-O f6 8. Kh1 Bd7
9. exf6 Nxf6 10. Ne5 Bd6 11. f4 O-O 12. dxc5 Bxc5 13. Nd2 Rad8 14. Rf3 Bc8 15.
Nb3 Bd6 16. Be3 Qc7 17. Nxc6 Qxc6 18. Qd4 Qc7 19. Bd3 e5 20. fxe5 Bxe5 21. Qh4
Ne4 22. Bxe4 dxe4 23. Qxe4 Rxf3 24. Qxf3 Bxh2 25. Rf1 Be5 26. Bb6 1-0

[Event "Pere Noel"]
[Site "Montreal CAN"]
[Date "1986.12.30"]
[Round "5"]
[White "Duong, Thanh Nha"]
[Black "Clement, Michel"]
[Result "1-0"]
[WhiteElo "1823"]
[BlackElo "1845"]
[PlyCount "37"]
[EventDate "1986.12.26"]
[EventType "swiss"]
[EventRounds "5"]
[EventCountry "CAN"]

1. e4 e5 2. Nf3 Nc6 3. Bb5 a6 4. Ba4 Nf6 5. O-O Bc5 6. c3 Ba7 7. d4 Nxe4 8.
dxe5 O-O 9. Qd5 Nc5 10. Bc2 Ne7 11. Qd1 Ne6 12. Qd3 Ng6 13. h4 Nc5 14. Qd1 Nxh4
15. Bxh7+ Kh8 16. Ng5 g6 17. Qg4 Nxg2 18. Bxg6 fxg6 19. Qh3+ 1-0

[Event "Automne Specialiste"]
[Site "Montreal CAN"]
[Date "1986.10.12"]
[Round "5"]
[White "Rousseau, Daniel"]
[Black "Duong, Thanh Nha"]
[Result "0-1"]
[WhiteElo "1943"]
[BlackElo "1690"]
[PlyCount "118"]
[EventDate "1986.10.04"]
[EventType "swiss"]
[EventRounds "5"]
[EventCountry "CAN"]

1. e4 e5 2. Nf3 Nc6 3. Bb5 a6 4. Ba4 Nf6 5. O-O b5 6. Bb3 Be7 7. Re1 O-O 8. c3
d6 9. h3 Bb7 10. d4 Re8 11. Nbd2 Bf8 12. a3 Qe7 13. Ng5 Nd8 14. d5 Nxd5 15.
Nxh7 Nf4 16. Nxf8 Rxf8 17. Nf3 Nde6 18. Kh2 Nc5 19. Bc2 Qf6 20. g3 Nfe6 21. b4
Nd7 22. Be3 g6 23. Qe2 d5 24. exd5 Bxd5 25. Nd2 Ng5 26. Bxg5 Qxg5 27. Be4 Bxe4
28. Nxe4 Qf5 29. Kg2 Nb6 30. Nc5 Nc4 31. a4 Kg7 32. Rad1 Rh8 33. g4 Qf4 34. Rd7
Rae8 35. Qe4 Qf6 36. Red1 Nd6 37. Qe3 Nc4 38. Qe4 Nd6 39. Qe2 e4 40. Qe3 Nc4
41. Qd4 Ne5 42. Nxe4 Qf3+ 43. Kg1 Rxh3 44. Ng3 Qf6 45. Qd5 Nxd7 46. Qxd7 Re7
47. Qd3 Rh4 48. axb5 axb5 49. Qd4 Qxd4 50. Rxd4 Re1+ 51. Kg2 Rc1 52. Ne2 Rc2
53. Kg3 Rh1 54. Re4 Re1 55. Kf3 Kf6 56. Re3 Kg5 57. Ng3 Rxe3+ 58. fxe3 Kf6 59.
Ke4 Rxc3 0-1

[Event "Montreal op"]
[Site "Montreal CAN"]
[Date "1986.09.01"]
[Round "5"]
[White "Duong, Thanh Nha"]
[Black "Clement, Michel"]
[Result "1/2-1/2"]
[WhiteElo "1682"]
[BlackElo "1847"]
[PlyCount "106"]
[EventDate "1986.08.29"]
[EventType "swiss"]
[EventRounds "6"]
[EventCountry "CAN"]

1. e4 e5 2. Nf3 Nc6 3. Bb5 a6 4. Ba4 Nf6 5. O-O Bc5 6. Nxe5 Nxe4 7. Nxc6 dxc6
8. Qe2 Qe7 9. d3 Nf6 10. Qxe7+ Bxe7 11. Re1 Be6 12. Bb3 Nd5 13. Nc3 O-O-O 14.
Bd2 h6 15. Ne2 Rhe8 16. Nd4 Bg4 17. h3 Bh5 18. g4 Bg6 19. Nf3 Bf6 20. Bxd5 cxd5
21. Bc3 Rxe1+ 22. Rxe1 d4 23. Bb4 Rd5 24. Be7 Bxe7 25. Rxe7 Kd8 26. Re5 Rd6 27.
Nh4 f6 28. Re2 Bh7 29. Kg2 c5 30. Kg3 b5 31. b3 Kd7 32. Nf5 Bxf5 33. gxf5 c4
34. Kf4 a5 35. f3 c3 36. Rg2 Rd5 37. Rxg7+ Ke8 38. Ke4 Re5+ 39. Kxd4 b4 40. Rg4
Rxf5 41. Re4+ Kf7 42. f4 Rb5 43. Kc4 Rh5 44. Re3 Rf5 45. Re4 Rh5 46. Re3 Rf5
47. Rf3 Ke6 48. d4 Kd6 49. Kd3 Kd5 50. Ke3 Kd6 51. Ke4 Rb5 52. Rg3 Rh5 53. Rg6
Ke6 1/2-1/2

[Event "Montreal op"]
[Site "Montreal CAN"]
[Date "2024.09.13"]
[Round "1.8"]
[White "Duong, Thanh Nha"]
[Black "Pregent, Daniel"]
[Result "1-0"]
[WhiteElo "2166"]
[BlackElo "1852"]
[PlyCount "55"]
[EventDate "2024.09.13"]
[EventType "swiss"]
[EventRounds "5"]
[EventCountry "CAN"]

1. Nf3 d5 2. b3 c5 3. Bb2 Nc6 4. e3 e6 5. d4 Nf6 6. Bd3 Bd6 7. O-O O-O 8. Nbd2
Re8 9. Ne5 Qc7 10. f4 cxd4 11. exd4 Nb4 12. Bb5 Re7 13. c3 a6 14. Be2 Nc6 15.
Bd3 Bd7 16. Qf3 b5 17. a3 Qb6 18. Kh1 Rc8 19. Qh3 g6 20. Rf3 Nh5 21. g4 Ng7 22.
Qh6 f5 23. Rh3 Bxe5 24. Qxh7+ Kf7 25. fxe5 Rg8 26. gxf5 exf5 27. Rg1 Nd8 28.
Rh6 1-0

[Event "Montreal op"]
[Site "Montreal CAN"]
[Date "2024.09.14"]
[Round "2.8"]
[White "Both, Aaron"]
[Black "Duong, Thanh Nha"]
[Result "0-1"]
[WhiteElo "1921"]
[BlackElo "2166"]
[PlyCount "72"]
[EventDate "2024.09.13"]
[EventType "swiss"]
[EventRounds "5"]
[EventCountry "CAN"]

1. e4 e5 2. f4 exf4 3. Nf3 d6 4. Bc4 h6 5. h4 Nf6 6. Nc3 c6 7. d4 b5 8. Bb3 b4
9. e5 bxc3 10. exf6 Qxf6 11. bxc3 d5 12. c4 Bb4+ 13. Kf2 dxc4 14. Bxc4 O-O 15.
Rb1 Bd6 16. Re1 Nd7 17. Bd3 Qd8 18. Be4 Qc7 19. c4 f5 20. Bd3 c5 21. d5 Ne5 22.
Kg1 Ng4 23. Re2 Bd7 24. Qc2 Rad8 25. Bb2 Bc8 26. Kh1 Qf7 27. Qc3 Rde8 28. Rbe1
Re3 29. Bc1 Rfe8 30. Bxe3 fxe3 31. Rb1 Qh5 32. Kg1 Bg3 33. Rb5 Bf2+ 34. Kf1
Qxh4 35. Reb2 e2+ 36. Rxe2 Qh1+ 0-1

[Event "Montreal op"]
[Site "Montreal CAN"]
[Date "2024.09.14"]
[Round "3.2"]
[White "Duong, Thanh Nha"]
[Black "Tanaka, Tyler"]
[Result "1/2-1/2"]
[WhiteElo "2166"]
[BlackElo "2238"]
[PlyCount "115"]
[EventDate "2024.09.13"]
[EventType "swiss"]
[EventRounds "5"]
[EventCountry "CAN"]

1. e4 c5 2. Nf3 d6 3. d4 cxd4 4. Nxd4 Nf6 5. Nc3 g6 6. Bc4 Bg7 7. f3 Nc6 8. Be3
Qb6 9. Ncb5 Qa5+ 10. Qd2 Qxd2+ 11. Kxd2 O-O 12. c3 Bd7 13. Bb3 Na5 14. Nc7 Rac8
15. Nd5 Nxd5 16. Bxd5 Nc4+ 17. Bxc4 Rxc4 18. g4 b5 19. a3 a5 20. h4 e5 21. Ne2
f5 22. gxf5 gxf5 23. b3 Rc6 24. a4 bxa4 25. Rxa4 Ra6 26. Ra3 Bc6 27. Rha1 f4
28. Bf2 d5 29. exd5 Bxd5 30. Ng1 Rd8 31. Ke2 e4 32. fxe4 Re6 33. Bd4 Rxe4+ 34.
Kd3 Bxd4 35. cxd4 Re3+ 36. Kd2 Bxb3 37. Ne2 a4 38. Nxf4 Re4 39. Rg1+ Kf7 40.
Ne2 Rxh4 41. Raa1 Rh2 42. Kd3 Rh3+ 43. Rg3 Rxg3+ 44. Nxg3 Kg6 45. Ne4 h5 46.
Nc3 h4 47. Nxa4 Bd5 48. Rg1+ Kh5 49. Nc3 h3 50. Nxd5 Rxd5 51. Ke4 Rd8 52. d5
Kh4 53. Ke5 h2 54. Rh1 Kh3 55. d6 Kg2 56. Rxh2+ Kxh2 57. Ke6 Rxd6+ 58. Kxd6
1/2-1/2

[Event "Montreal op"]
[Site "Montreal CAN"]
[Date "2024.09.15"]
[Round "4.4"]
[White "Guillemette, Hugo"]
[Black "Duong, Thanh Nha"]
[Result "0-1"]
[WhiteElo "2099"]
[BlackElo "2166"]
[PlyCount "162"]
[EventDate "2024.09.13"]
[EventType "swiss"]
[EventRounds "5"]
[EventCountry "CAN"]

1. e4 d6 2. d4 Nf6 3. Nc3 e5 4. Nf3 Nbd7 5. Bc4 Be7 6. O-O c6 7. a4 a5 8. b3
Qc7 9. Ba3 O-O 10. Re1 Nb6 11. Be2 Re8 12. h3 Bf8 13. Bf1 Be6 14. Qd2 Rad8 15.
Rad1 Bc8 16. Qc1 Nbd7 17. Bd3 Qb6 18. Ne2 d5 19. Ng3 Bxa3 20. Qxa3 dxe4 21.
Nxe4 Nxe4 22. Rxe4 exd4 23. Rxe8+ Rxe8 24. Nxd4 Nc5 25. Bc4 Ne4 26. Qc1 Bf5 27.
Qf4 Bg6 28. Ne2 Nf6 29. Rd2 h6 30. Ng3 Qb4 31. Qd4 Kh7 32. Bd3 Re1+ 33. Kh2
Qxd4 34. Bxg6+ Kxg6 35. Rxd4 h5 36. f3 Rc1 37. Rc4 Nd5 38. Ne2 Re1 39. Nf4+
Nxf4 40. Rxf4 Re2 41. Rc4 Kf6 42. h4 Ke6 43. Kg3 Kd5 44. f4 Re3+ 45. Kh2 Re4
46. Rc3 Rxf4 47. g3 Rf2+ 48. Kh3 Re2 49. Rd3+ Ke6 50. Rd8 Rxc2 51. Rb8 f6 52.
Rxb7 g6 53. Ra7 Rc5 54. Kg2 Kf5 55. Kh3 g5 56. hxg5 fxg5 57. Rf7+ Kg6 58. Rf8
Rc3 59. Rg8+ Kf6 60. Rf8+ Kg7 61. Rf5 Kg6 62. Rxa5 h4 63. b4 Rxg3+ 64. Kh2 Rb3
65. Rc5 Rxb4 66. Rxc6+ Kh5 67. a5 Ra4 68. a6 Kg4 69. Kg2 Ra2+ 70. Kh1 h3 71.
Rb6 Kg3 72. Rb3+ Kh4 73. Rb4+ g4 74. Rb1 Rxa6 75. Kg1 Ra3 76. Rc1 Kg3 77. Kh1
Kf3 78. Rf1+ Ke2 79. Rg1 g3 80. Rb1 Rd3 81. Rb2+ Rd2 0-1

[Event "Montreal op"]
[Site "Montreal CAN"]
[Date "2024.09.15"]
[Round "5.2"]
[White "Zheng, Richard"]
[Black "Duong, Thanh Nha"]
[Result "1-0"]
[WhiteElo "2302"]
[BlackElo "2166"]
[PlyCount "131"]
[EventDate "2024.09.13"]
[EventType "swiss"]
[EventRounds "5"]
[EventCountry "CAN"]

1. d4 e6 2. c4 d5 3. Nc3 Nf6 4. cxd5 exd5 5. Bg5 Be7 6. Qc2 c6 7. e3 O-O 8. Bd3
Nbd7 9. Nge2 Re8 10. O-O Nf8 11. Rfe1 Bd7 12. Rad1 Rc8 13. a3 h6 14. Bh4 Nh5
15. Bxe7 Qxe7 16. Ng3 Nxg3 17. hxg3 Bg4 18. f3 Bh5 19. Bf5 Bg6 20. Bxg6 Nxg6
21. Qf5 Qc7 22. Kf2 Re6 23. Rc1 Ne7 24. Qd3 Re8 25. Ne2 Ng6 26. Nf4 Rd6 27. Re2
Qe7 28. Rh1 Qg5 29. Qb3 Rd7 30. Qa4 a6 31. Qb4 Nxf4 32. gxf4 Qg6 33. Qe1 Rde7
34. g4 f5 35. Qb1 Rf8 36. Rh5 Ref7 37. Re1 Rf6 38. Rg1 Qf7 39. Rh4 Qe7 40. gxf5
Re8 41. Qd3 Re6 42. Rhg4 Rxe3 43. Rxg7+ Qxg7 44. Rxg7+ Kxg7 45. f6+ Kxf6 46.
Qh7 Re2+ 47. Kg3 Rxb2 48. Qxh6+ Ke7 49. Qg7+ Kd6 50. f5 Rb1 51. Qh6+ Kd7 52. f6
Rg1+ 53. Kf2 Rgg8 54. f7 Rh8 55. fxe8=Q+ Rxe8 56. f4 b5 57. f5 Re4 58. Qg7+ Kd6
59. f6 Ke6 60. Qe7+ Kf5 61. Qxe4+ Kxe4 62. f7 Kxd4 63. f8=Q c5 64. Ke2 a5 65.
Qf3 Ke5 66. Qc3+ 1-0